000 00425nam a2200157Ia 4500
008 230711s9999||||xx |||||||||||||| ||und||
020 _a81-8189-026-4
041 _aENG
082 _a630
_bLA-H
100 _aLal, Chhedi
245 0 _aHorizontal Subsurface Drainage Theories for Agricultural Lands
260 _c2004
_aLucknow
_bInternational Book Distributing Co.
300 _a290p.
650 _aAgriculture
942 _cBK
999 _c7566
_d7566